000 01053nam a2200253Ia 4500
999 _c55252
_d55252
001 22328
003 GE_BSU
005 20250731145416.0
008 181216s2018||||ge |||||||||||||| ||geo||
020 _a9789941470929
040 _cGE_BSU
041 _ageo
080 _a821.353.1.09"19 ა-24
100 _aაგლაძე, შოთა
_99745
245 _aქართული მწერლობა : 1918-1921 წლებში /
_cშოთა აგლაძე.
264 _aთბილისი :
_bინტელექტი,
_c2018.
300 _a52 გვ. ;
_c20 სმ.
500 _aეძღვნება შვილიშვილს კირა იორდანიშვილს
500 _aთავფურცეზე : ავტორის მინაწერი
541 _h3 ლ.
653 _a ქართული ლიტერატურის ისტორია XX ს.
653 _aქართული მწერლობა 1918-1921 წლებში
942 _cBK
_2udc